000 00789nam a2200217 a 4500
001 54153
003 BD-RjUL
005 20211209080059.0
008 161102s1966 bg ||||| |||| 00| 0 ben d
035 _a(BD-RjUL)54275
040 _aBD-RjUL
_bben
_cBD-RjUL
_dBD-RjUL
041 _aben
082 _223
_a891.442
_bHAN 1966
100 _aহাশেম, আবুল
_9161662
245 1 0 _aনতুন ঊষা :
_b(স্ত্রী-পাঠ বর্জিত কিশোর-নাটক) /
_cআবুল হাশেম
260 _aপাবনা :
_bআমার দেশ প্রকাশনী,
_c১৯৬৬.
300 _a৪৪ পৃ. ;
_c১৭ সেমি.
650 _aবাংলা নাটক
_9161663
650 _aBengali Drama
_9161664
942 _2ddc
_cBK
999 _c54153
_d54153